Angels fear : towards on epistemology of the sacred

Bibliographic Details
Main Author: Bateson, Gregory
Other Authors: Bateson, Mary Catherine
Format: Book
Published: New York : Bantam Books , 1988
Subjects:

MARC

LEADER 00000cam a2200000 7i4500
001 0000005107
002 000005516
005 20080908.0
020 |a T000000451 
090 0 0 |a 100   |b BAT 
100 1 |a Bateson, Gregory 
245 1 0 |a Angels fear :   |b towards on epistemology of the sacred   |c Gregory Bateson and Mary Catherine Bateson 
260 |a New York :   |b Bantam Books ,   |c 1988 
300 |a 224p. ;   |c 22cm. 
650 0 0 |a Philosophy   |x Anthropology   |x Knowledge,theory of   |x Religion 
700 1 |a Bateson, Mary Catherine 
999 |a 033961   |b BUKU   |c PINJAMAN   |e PERPUSTAKAAN KOMUNITI PETALING JAYA